| 000 | 00000nam 2200000za 4500 |
| 001 | 9.865260 |
| 003 | CaOODSP |
| 005 | 20221107161744 |
| 007 | cr ||||||||||| |
| 008 | 181127s2018 onca o f000 0 eng d |
| 040 | |aCaOODSP|beng |
| 043 | |an-cn--- |
| 086 | 1 |aCi4-186/2018E-PDF |
| 245 | 00|aCome to Canada |h[electronic resource] : |ba guide to sponsor your spouse, partner or child. |
| 260 | |a[Ottawa] : |bImmigration, Refugees and Citizenship Canada, |c[2018] |
| 300 | |a[1] p. : |bcol. ill. |
| 500 | |aIssued also in French under title: Venir au Canada : un guide pour parrainer votre époux, votre conjoint ou votre enfant. |
| 500 | |aIssued also in HTML format. |
| 692 | 07|2gccst|aImmigration |
| 710 | 1 |aCanada. |bImmigration, Refugees and Citizenship Canada. |
| 775 | 08|tVenir au Canada |w(CaOODSP)9.865263 |
| 856 | 40|qPDF|s673 KB|uhttps://publications.gc.ca/collections/collection_2018/ircc/Ci4-186-2018-eng.pdf |
| 856 | 4 |qHTML|sN/A|uhttps://www.canada.ca/en/immigration-refugees-citizenship/services/immigrate-canada/family-sponsorship/spouse-partner-children/infographic-process.html |